1303 1392 1277 1003 1068 1415 1313 1063 1374 1957 1597 1049 1538 1505 1187 1110 1253 1711 1561 1009 1371 1467 1400 1116 1115 1286 1601 1204 1814 1283 1789 1491 1896 1572 1916 1086 1005 1971 1084 1180 1159 1913 1802 1901 1827 1617 1578 1657 1309 1931 1811 1512 1571 1221 1569 1856 1869 1490 1885 1285 1575 1326 1009 1626 1212 1544 1574 1838 1538 1801 1462 1837 1424 2000 1718 1020 1186 1445 1330 1514 1628 1564 1114 1347 1462 1761 1805 1253 1925 1538 1537 1935 1906 1919 1451 1777 1491 1281 1744 BCNSPRNW ULIB Ver.6.0+V

เปลี่ยนเป็นภาษาไทย

Change to English
 แสดงรายละเอียดบรรณานุกรม
  กลับหน้าหลัก

Brief Record : Get Marc (ISO 2709) : E-mail record : QR code < ปิดหน้าต่าง
LEADER : 00000nam 2200000uu 4500
001    13399128460
003     ULIB
008    230829s2564||||th 000 0 tha d
020    ^a9786167741505
060 04 ^aWR205^bร924
245 00 ^aโรคสะเก็ดเงิน =^bPsoriasis /^cวรรณจรัส รุ่งพิสุทธิพงษ์, บรรณาธิการ
246 31 ^aPsoriasis
250    ^aพิมพ์ครั้งที่ 1
260    ^aกรุงเทพฯ :^bโครงการตำรา คณะแพทยศาสตร์วชิรพยาบาลมหาวิทยาลัยนวมินทราธิราช,^c2564
300    ^axiv, 181 หน้า :^bภาพประกอบสี ;^c27 ซม.
504    ^aดัชนี
650  4 ^aผิวหนัง^xโรค^vคู่มือ
650  4 ^aเรื้อนกวาง^vคู่มือ
650  4 ^aโรคสะเก็ดเงิน^vคู่มือ
700 0  ^aวรรณจรัส รุ่งพิสุทธิพงษ์,^eบรรณาธิการ
710 2  ^aมหาวิทยาลัยนวมินทราธิราช.^bคณะแพทยศาสตร์วชิรพยาบาล.^bภาควิชาอายุรศาสตร์
945    ^p509^l0^i29671
945    ^p509^l0^i29672
999    ^aกัณชพร จุลอักษร
รายการนี้ยังไม่มีแท็ก
คุณยังไม่ได้ล็อกอิน คุณสามารถมีกิจกรรมร่วมกับเว็บไซต์ได้ แต่ต้องล็อกอินก่อน ::
  ล็อกอิน

รายการสื่อสารสนเทศ

ลำดับที่ ประเภท เลขเรียก/บาร์โค้ด สถานที่ สถานะ
1. หนังสือสำรอง
หนังสือสำรอง
WR205 ร924 ฉ.1 
  Barcode: 29671
ห้องสมุดวิทยาเขตนครสวรรค์
►หนังสือทั่วไป:l:General Books
บนชั้น
2. วิทยาศาสตร์การแพทย์ และสุขภาพ
วิทยาศาสตร์การแพทย์ และสุขภาพ
WR205 ร924 ฉ.2 
  Barcode: 29672
ห้องสมุดวิทยาเขตนครสวรรค์
►หนังสือทั่วไป:l:General Books
บนชั้น

BibComment


ยังไม่เคยถูกคอมเมนท์

คอมเมนท์ทรัพยากรรายการนี้
  คอมเมนท์: โรคสะเก็ดเงิน P..


 Copyright 2026. Bcnsprnw @Library